K problematike reklamy pri cestách a miestnych komunikáciách

Význam reklamy v hospodárstve Slovenskej republiky. Vonkajšia reklama a jej špecifické pôsobenie. Legislatívne podmienky pre umiestňovanie informačných, reklamných a propagačných zariadení. Finančný prínos reklamy pre hlavné mesto. Celkový obraz o stave reklamných zariadení v Bratislave. Príklad Lam...

Ausführliche Beschreibung

Gespeichert in:
Bibliographische Detailangaben
1. Verfasser: Mošovský, Otto
Format: Buchkapitel
Sprache:Slowakisch
Schlagworte:
Tags: Tag hinzufügen
Keine Tags, Fügen Sie das erste Tag hinzu!

MARC

LEADER 00000naa$a2200000$$$4500
001 0004734
005 20230825085813.1
041 0 |a slo 
044 |a SK 
245 1 0 |a K problematike reklamy pri cestách a miestnych komunikáciách  |c aut. Otto Mošovský 
520 |a Význam reklamy v hospodárstve Slovenskej republiky. Vonkajšia reklama a jej špecifické pôsobenie. Legislatívne podmienky pre umiestňovanie informačných, reklamných a propagačných zariadení. Finančný prínos reklamy pre hlavné mesto. Celkový obraz o stave reklamných zariadení v Bratislave. Príklad Lamačskej cesty. 
610 2 0 |a reklama 
610 2 0 |a reklama vonkajšia 
610 2 0 |a cesty dopravné 
610 2 0 |a legislatíva 
610 2 0 |a bezpečnosť dopravy 
100 1 |a Mošovský, Otto